000 01232nam a22002417a 4500
001 4048
003 FISKH
005 20260318135327.0
008 240603b cb ||||| |||| 00| 0 eng d
040 _aFISKH
_beng
_cFISKH
_dFISKH
082 _2793.73
100 _aMilne, A.A.
_eauthor
245 _aTigger /
_cby A. A. Milne
260 _aCalifornia :
_bDisney Enterprises , Inc ;
_c2018
300 _a8 unnumbered pages :
_bcolor illustrations ;
_c10 cm .
505 _aB
520 _aThe latest addition to Dutton's Winnie-the-Pooh Collection is big news indeed. These giant-sized, shaped board books celebrate Pooh and Tigger as the superstars they are. Big enough to hug, and featuring sturdy boards and safely rounded edges, they are designed for the youngest devotees of the Bear of Little Brain. With full-image covers, very large type, and up-close illustrations, these striking books will grab preschoolers' attention and hold it.As always, Dutton brings the world of Winnie-the-Pooh to readers of all ages. These new titles bring that world closer than ever before.
521 8 _a40
_bLexile
521 8 _aB
_bRaz-Plus
650 _aBoard book
_vFiction
942 _2ddc
_cBK
_n0
999 _c4048
_d4048